000 00732nam a2200229 a 4500
999 _c4177
_d4177
001 4177
003 BD-JhCC
005 20220914112455.0
008 171031s2009 bg |||| ||a| 000 0 ben d
020 _a9847012000595
035 _a(BD-JhCC)4177
040 _aBD-JhCC
_dBD-JhCC
041 _aben
082 _a920
_bAHA 2009
100 _aআহমেদ, সিরাজ উদদীন
245 _aশেরে বাংলা এ কে ফজলুল হক /
_cসিরাজ উদদীন আহমেদ
260 _aঢাকা :
_bকথা প্রকাশ,
_c২০০৯
300 _a80 p. :
_c22 cm.
490 _aজীবনী গ্রন্থমালা
650 _aBiography
942 _2ddc
_cBK